01079naa a22003017a 4500001001000000003000900010005001700019007000300036008003400039040005400073041000900127072001900136090001800155100001800173245003300191260003600224500010900260650001000369650002200379650001200401650001000413650003000423773010600453909003600559942001400595999001900609952014900628BR7604598BR-BrBNA20240918173929.0ta230509b bl.||||| |||| 00| 0 por d aBR-BrBNAbporcBiblioteca Nacional de Agricultura a(Pt) aE70; Q01b9410 aE70 BR76045981 aBarbosa, J.J.1 aLeite - consumo e utilizacao3 aLondrina, PR (Brasil): c[nd].  a1. Simposio de Tecnologia de Alimentos. Leite Londrina, PR (Brasil): [nd]. p. 211-220 (BR7604598-AM)E70  aLEITE aCONSUMO ALIMENTAR aMERCADO aPRECO aPRODUTO DERIVADO DO LEITE0 t1. Simposio de Tecnologia de Alimentos. LeitewE70 BR7604598gLondrina, PR (Brasil), [nd]. p. 211-220 a202404bLuciac55dLucia Elande cAM2AGRIS c307769d307769 002AGRIS40708Acervo Gerala41918b41918cAgrobasel0o9410 BR7604579r2024-05-20t01yAM10d2024-04-11ePortaria Interministerial nÂș 164/94